30 biggest cities in Mississippi - Statistics

General Stats
  • This quiz has been taken 38 times
  • The average score is 15 of 30
Answer Stats
Population CIty % Correct
153,701 Jackson
100%
49,449 Biloxi
88%
72,926 Gulfport
88%
48,730 Hattiesburg
76%
25,416 Oxford
72%
35,052 Meridian
68%
14,520 Natchez
68%
54,648 Southaven
68%
37,923 Tupelo
64%
21,573 Vicksburg
64%
29,670 Greenville
56%
27,115 Pearl
52%
39,711 Olive Branch
48%
22,010 Pascagoula
48%
24,360 Starkville
48%
27,747 Madison
44%
26,736 Horn Lake
40%
24,340 Ridgeland
40%
28,100 Clinton
36%
12,721 D'Iberville
36%
17,161 Laurel
36%
17,442 Ocean Springs
36%
25,138 Brandon
32%
14,622 Corinth
32%
14,490 Greenwood
32%
24,084 Columbus
28%
17,138 Hernando
28%
14,903 Clarksdale
24%
19,024 Gautier
16%
16,780 Long Beach
8%
No matching quizzes found
Score Distribution
Percent of People with Each Score
Percentile by Number Answered
Your Score History
You have not taken this quiz